[Event "Kosteniuk-Muzychuk Blitz m"]
[Site "Chess.com INT"]
[Date "2020.06.06"]
[Round "19"]
[White "Muzychuk, Anna"]
[Black "Kosteniuk, Alexandra"]
[Result "0-1"]
[WhiteElo "2535"]
[BlackElo "2471"]
[PlyCount "146"]
[EventDate "2020.06.06"]
[EventType "match (blitz)"]
[EventRounds "25"]
[EventCountry "RUS"]
[SourceTitle "CBM 196 Extra"]
[Source "ChessBase"]
[SourceDate "2020.07.31"]
[SourceVersion "1"]
[SourceVersionDate "2020.07.31"]
[SourceQuality "1"]

1. e4 c6 2. d4 d5 3. exd5 cxd5 4. Bd3 Nc6 5. c3 Nf6 6. Bf4 Bg4 7. Qb3 Qd7 8.
Nd2 e6 9. Ngf3 Bxf3 10. Nxf3 Bd6 11. Bxd6 Qxd6 12. O-O O-O 13. Rfe1 Qc7 14. Re2
Rab8 15. Qc2 g6 16. a3 b5 17. g3 Rfc8 18. Qd2 Kg7 19. Ne5 Nxe5 20. dxe5 Nd7 21.
Rae1 a5 22. h4 b4 23. axb4 axb4 24. cxb4 Qb6 25. h5 Qxb4 26. h6+ Kf8 27. Qe3
Qg4 28. Kg2 Qb4 29. Rh1 Qc5 30. Qf3 Rb3 31. Rh4 Qe7 32. Rf4 Nc5 33. Rc2 Rc7 34.
Rc3 Rxc3 35. bxc3 Nd7 36. Qe2 Qg5 37. c4 Qxe5 38. Qa2 dxc4 39. Qa8+ Ke7 40.
Bxc4 g5 41. Re4 Qf5 42. g4 Qg6 43. Qa5 Rc5 44. Qe1 Qxh6 45. Qb4 Qf6 46. Bb5 Qc3
47. Qa4 Rc7 48. Bxd7 Rxd7 49. Qa6 Qc5 50. Qe2 Qd5 51. Kh2 Qd3 52. Qe1 Qd6+ 53.
Kg2 Qd2 54. Qa1 Qd5 55. Qa3+ Kf6 56. Qb2+ Kg6 57. Qb1 Rb7 58. Qc2 Rb4 59. f3
Rxe4 60. fxe4 Qe5 61. Qd3 h5 62. gxh5+ Kxh5 63. Qf3+ Kg6 64. Kh3 Qf4 65. Qd3
Kh5 66. Kg2 g4 67. Qb5+ Kh4 68. Qb1 Qf3+ 69. Kg1 g3 70. Qc2 Kh3 71. e5 Qf2+ 72.
Qxf2 gxf2+ 73. Kxf2 Kg4 0-1

[Event "Kosteniuk-Muzychuk Blitz m"]
[Site "Chess.com INT"]
[Date "2020.06.06"]
[Round "20"]
[White "Kosteniuk, Alexandra"]
[Black "Muzychuk, Anna"]
[Result "1-0"]
[WhiteElo "2471"]
[BlackElo "2535"]
[PlyCount "95"]
[EventDate "2020.06.06"]
[EventType "match (blitz)"]
[EventRounds "25"]
[EventCountry "RUS"]
[SourceTitle "CBM 196 Extra"]
[Source "ChessBase"]
[SourceDate "2020.07.31"]
[SourceVersion "1"]
[SourceVersionDate "2020.07.31"]
[SourceQuality "1"]

1. Nf3 Nf6 2. g3 g6 3. Bg2 Bg7 4. c4 c5 5. O-O O-O 6. d4 cxd4 7. Nxd4 d5 8.
cxd5 Nxd5 9. Nb5 e6 10. e4 a6 11. exd5 axb5 12. Qb3 exd5 13. Nc3 d4 14. Nxb5
Be6 15. Qd3 Nc6 16. Bf4 Bxa2 17. b3 Qb6 18. Bc7 Qa6 19. Bd6 Rfd8 20. Rfd1 Be5
21. Ba3 Qb6 22. Rxa2 Nb4 23. Bxb4 Rxa2 24. Bf1 Bg7 25. Be7 Re8 26. Bd6 Rb2 27.
b4 Re6 28. Bc5 Qd8 29. Nxd4 Re8 30. Qc3 Ra2 31. Qb3 Ra8 32. Nf5 Qf6 33. Nxg7
Qxg7 34. Bd4 Qf8 35. Bc4 Rad8 36. Bc5 Qg7 37. Rxd8 Rxd8 38. Kg2 Rc8 39. Qd3 Qf6
40. Bd5 b6 41. Be3 Rd8 42. Qc4 Qf5 43. Be4 Qf6 44. h4 Re8 45. Bd5 h5 46. Qc6
Qxc6 47. Bxc6 Re5 48. b5 1-0

[Event "Kosteniuk-Muzychuk Blitz m"]
[Site "Chess.com INT"]
[Date "2020.06.06"]
[Round "21"]
[White "Muzychuk, Anna"]
[Black "Kosteniuk, Alexandra"]
[Result "0-1"]
[WhiteElo "2535"]
[BlackElo "2471"]
[PlyCount "70"]
[EventDate "2020.06.06"]
[EventType "match (blitz)"]
[EventRounds "25"]
[EventCountry "RUS"]
[SourceTitle "CBM 196 Extra"]
[Source "ChessBase"]
[SourceDate "2020.07.31"]
[SourceVersion "1"]
[SourceVersionDate "2020.07.31"]
[SourceQuality "1"]

1. e4 c6 2. d4 d5 3. e5 c5 4. Nf3 Nc6 5. dxc5 e6 6. Be3 Nge7 7. c3 Ng6 8. Bd4
Qc7 9. Bb5 Be7 10. h4 h5 11. g3 Bd7 12. Qe2 f6 13. exf6 gxf6 14. Bd3 Nf8 15.
Na3 a6 16. Be3 e5 17. Bc2 Bg4 18. O-O e4 19. Bf4 Qd7 20. Bxe4 dxe4 21. Qxe4 Qe6
22. Qd3 Qf5 23. Qe3 Ng6 24. Nc4 O-O 25. Nd4 Qxc5 26. Bh6 Qxc4 27. Bxf8 Bxf8 28.
Rfe1 Nxd4 29. cxd4 Qd5 30. Rac1 Bd7 31. f3 Bc6 32. Kf2 Re8 33. Qd3 Ne5 34. Rxe5
fxe5 35. Qg6+ Bg7 0-1

[Event "Kosteniuk-Muzychuk Blitz m"]
[Site "Chess.com INT"]
[Date "2020.06.06"]
[Round "22"]
[White "Kosteniuk, Alexandra"]
[Black "Muzychuk, Anna"]
[Result "0-1"]
[WhiteElo "2471"]
[BlackElo "2535"]
[PlyCount "96"]
[EventDate "2020.06.06"]
[EventType "match (blitz)"]
[EventRounds "25"]
[EventCountry "RUS"]
[SourceTitle "CBM 196 Extra"]
[Source "ChessBase"]
[SourceDate "2020.07.31"]
[SourceVersion "1"]
[SourceVersionDate "2020.07.31"]
[SourceQuality "1"]

1. e4 e5 2. Nf3 Nc6 3. Bc4 Nf6 4. d3 Be7 5. O-O O-O 6. Re1 d6 7. a4 Kh8 8. Nc3
Ng8 9. d4 Bg4 10. dxe5 Nxe5 11. Be2 Bxf3 12. Bxf3 Nxf3+ 13. Qxf3 Nf6 14. Bf4
Qd7 15. h3 Rae8 16. Rad1 Qc6 17. Re2 Bd8 18. b3 a6 19. Nd5 Nxd5 20. exd5 Qd7
21. Rde1 Rxe2 22. Qxe2 Kg8 23. Qe4 Bf6 24. c4 g6 25. g4 b5 26. axb5 axb5 27.
Kg2 bxc4 28. bxc4 Ra8 29. Bh6 Bg7 30. Bxg7 Kxg7 31. Qd4+ Kg8 32. Qf6 Re8 33.
Rxe8+ Qxe8 34. Kg3 Qb8 35. f3 Qe8 36. Kf2 Qa8 37. Kg3 Qa7 38. Qb2 Qe3 39. h4
Qe1+ 40. Kf4 Qxh4 41. Qb8+ Kg7 42. Qxc7 Qf2 43. g5 Qd2+ 44. Kg4 h5+ 45. gxh6+
Kxh6 46. Qxd6 Qg2+ 47. Qg3 f5+ 48. Kh4 g5+ 0-1

[Event "Kosteniuk-Muzychuk Blitz m"]
[Site "Chess.com INT"]
[Date "2020.06.06"]
[Round "23"]
[White "Muzychuk, Anna"]
[Black "Kosteniuk, Alexandra"]
[Result "1/2-1/2"]
[WhiteElo "2535"]
[BlackElo "2471"]
[PlyCount "82"]
[EventDate "2020.06.06"]
[EventType "match (blitz)"]
[EventRounds "25"]
[EventCountry "RUS"]
[SourceTitle "CBM 196 Extra"]
[Source "ChessBase"]
[SourceDate "2020.07.31"]
[SourceVersion "1"]
[SourceVersionDate "2020.07.31"]
[SourceQuality "1"]

1. e4 c6 2. d4 d5 3. exd5 cxd5 4. Bd3 Nc6 5. c3 Nf6 6. Bf4 Bg4 7. Qb3 e5 8.
dxe5 Nh5 9. Be3 Nxe5 10. Bb5+ Nc6 11. Nd2 Nf6 12. Ngf3 Bd6 13. Qa4 Bd7 14. O-O
O-O 15. Rfe1 a6 16. Bxc6 bxc6 17. Qh4 h6 18. Bd4 Nh7 19. Qxd8 Rfxd8 20. b4 Nf8
21. Nb3 Ne6 22. Be5 Bf8 23. Nfd4 Rdc8 24. Nxe6 Bxe6 25. Bd4 Bf5 26. Bc5 g5 27.
Bxf8 Kxf8 28. a4 Re8 29. a5 Bd3 30. Nc5 Bb5 31. f3 Re7 32. Kf2 Rd8 33. Rxe7
Kxe7 34. Re1+ Kf6 35. g3 d4 36. Rd1 d3 37. Rd2 Rd5 38. Nb3 Bc4 39. Nc5 Bb5 40.
Ke3 Re5+ 41. Kf2 Rd5 1/2-1/2

[Event "Kosteniuk-Muzychuk Blitz m"]
[Site "Chess.com INT"]
[Date "2020.06.06"]
[Round "24"]
[White "Kosteniuk, Alexandra"]
[Black "Muzychuk, Anna"]
[Result "1/2-1/2"]
[WhiteElo "2471"]
[BlackElo "2535"]
[PlyCount "144"]
[EventDate "2020.06.06"]
[EventType "match (blitz)"]
[EventRounds "25"]
[EventCountry "RUS"]
[SourceTitle "CBM 196 Extra"]
[Source "ChessBase"]
[SourceDate "2020.07.31"]
[SourceVersion "1"]
[SourceVersionDate "2020.07.31"]
[SourceQuality "1"]

1. e4 e5 2. Nf3 Nc6 3. Bc4 Bc5 4. d3 Nf6 5. a4 a5 6. c3 d6 7. Bg5 h6 8. Bh4 g5
9. Bg3 Be6 10. Nbd2 O-O 11. Qb3 Qd7 12. Nf1 d5 13. exd5 Bxd5 14. O-O-O Rfe8 15.
Ne3 Bxc4 16. Nxc4 Ng4 17. Rd2 Bd6 18. Re1 Ra6 19. h3 Nf6 20. Nfxe5 Nxe5 21.
Bxe5 Bf8 22. d4 Qd5 23. Rde2 Rb6 24. Qa2 Rbe6 25. Kb1 Qxg2 26. f4 Qxh3 27. fxg5
hxg5 28. Ne3 Nd7 29. Nd5 Bd6 30. Ka1 c5 31. Re3 Qf5 32. Bxd6 Rxe3 33. Nxe3 Qf2
34. Rf1 Qxf1+ 35. Nxf1 Re1+ 36. Qb1 Rxb1+ 37. Kxb1 cxd4 38. cxd4 f5 39. Kc2 Kf7
40. Kd3 Ke6 41. Bc7 f4 42. Nd2 Kf5 43. Ne4 g4 44. Nd6+ Kg5 45. Nf7+ Kf5 46.
Nd6+ Kg5 47. d5 g3 48. Ne4+ Kg4 49. Ke2 f3+ 50. Ke3 g2 51. Kf2 b6 52. Bh2 Kh3
53. Bd6 Kg4 54. Nd2 Nf6 55. Nxf3 Ne4+ 56. Kxg2 Nxd6 57. Nd4 Kf4 58. Ne2+ Ke4
59. Nc3+ Ke5 60. Kf3 Nc4 61. b3 Nd2+ 62. Ke3 Nxb3 63. Kd3 Nc5+ 64. Kc4 Kd6 65.
Kb5 Kc7 66. Ne2 Kd6 67. Nf4 Kc7 68. Ne6+ Nxe6 69. dxe6 Kd6 70. Kxb6 Kxe6 71.
Kxa5 Kd7 72. Kb6 Kc8 1/2-1/2

[Event "Kosteniuk-Muzychuk Blitz m"]
[Site "Chess.com INT"]
[Date "2020.06.06"]
[Round "25"]
[White "Muzychuk, Anna"]
[Black "Kosteniuk, Alexandra"]
[Result "0-1"]
[WhiteElo "2535"]
[BlackElo "2471"]
[PlyCount "72"]
[EventDate "2020.06.06"]
[EventType "match (blitz)"]
[EventRounds "25"]
[EventCountry "RUS"]
[SourceTitle "CBM 196 Extra"]
[Source "ChessBase"]
[SourceDate "2020.07.31"]
[SourceVersion "1"]
[SourceVersionDate "2020.07.31"]
[SourceQuality "1"]

1. e4 c6 2. d4 d5 3. exd5 cxd5 4. Bd3 Nc6 5. c3 Nf6 6. Bf4 Bg4 7. Qb3 e5 8.
dxe5 Nh5 9. Be3 Nxe5 10. Bb5+ Nc6 11. Nd2 Nf6 12. Ngf3 Bd6 13. h3 Bd7 14. O-O
O-O 15. Rfe1 a6 16. Bxc6 bxc6 17. Rad1 c5 18. Qc2 h6 19. Nc4 Qc7 20. Nxd6 Qxd6
21. Qc1 Bf5 22. b4 cxb4 23. cxb4 Rfc8 24. Bc5 Qd7 25. Ne5 Qa4 26. Qf4 Be6 27.
Rd3 Rxc5 28. Qh4 Rc2 29. Rg3 Kh7 30. Ree3 Rc1+ 31. Kh2 Qd1 32. Rxg7+ Kxg7 33.
Rg3+ Ng4+ 34. Rxg4+ Bxg4 35. Nxg4 Qh1+ 36. Kg3 Rc3+ 0-1

[Event "Titled Tuesday intern op 9th June"]
[Site "Chess.com INT"]
[Date "2020.06.09"]
[Round "2"]
[White "Tay, Junior"]
[Black "Kosteniuk, Alexandra"]
[Result "1-0"]
[WhiteElo "2230"]
[BlackElo "2471"]
[PlyCount "71"]
[EventDate "2020.06.09"]
[EventType "swiss (blitz)"]
[EventRounds "10"]
[EventCountry "USA"]
[SourceTitle "CBM 196 Extra"]
[Source "ChessBase"]
[SourceDate "2020.07.31"]
[SourceVersion "1"]
[SourceVersionDate "2020.07.31"]
[SourceQuality "1"]

1. e4 c6 2. Nf3 d5 3. exd5 cxd5 4. Ne5 Nc6 5. d4 e6 6. c3 Nge7 7. Bd3 Ng6 8. f4
f5 9. Qh5 Ncxe5 10. fxe5 Qh4+ 11. Qxh4 Nxh4 12. O-O Be7 13. c4 dxc4 14. Bxc4
Bd7 15. Nc3 O-O-O 16. Be3 Kb8 17. d5 exd5 18. Nxd5 Ng6 19. Nxe7 Nxe7 20. Bg5
Rhe8 21. Bf7 h6 22. Bxe8 Rxe8 23. Bxe7 Rxe7 24. Rae1 Be6 25. Rf4 g6 26. Rd4
Bxa2 27. Rd6 Be6 28. Kf2 g5 29. g3 a6 30. h4 Ka7 31. hxg5 hxg5 32. Rh1 Bc4 33.
Re1 Be6 34. Ke3 a5 35. Kd4 b6 36. Rh1 1-0

[Event "Titled Tuesday intern op 16th June"]
[Site "Chess.com INT"]
[Date "2020.06.16"]
[Round "1"]
[White "Mostbauer, Florian"]
[Black "Kosteniuk, Alexandra"]
[Result "0-1"]
[WhiteElo "2309"]
[BlackElo "2471"]
[PlyCount "72"]
[EventDate "2020.06.16"]
[EventType "swiss (blitz)"]
[EventRounds "10"]
[EventCountry "USA"]
[SourceTitle "EXT 2021"]
[Source "ChessBase"]
[SourceDate "2020.10.23"]
[SourceVersion "1"]
[SourceVersionDate "2020.10.23"]
[SourceQuality "1"]

1. c4 e5 2. g3 Nf6 3. Bg2 d5 4. cxd5 Nxd5 5. Nf3 Nc6 6. O-O Be7 7. d4 exd4 8.
Nxd4 O-O 9. Nxc6 bxc6 10. Nc3 Be6 11. Bd2 Rb8 12. Qc1 Bf6 13. Rd1 Qd7 14. Bg5
Bxg5 15. Qxg5 Rxb2 16. Rac1 Qe7 17. Qe5 Nxc3 18. Rxc3 Rxa2 19. Rxc6 Rd8 20.
Rdc1 Rad2 21. Rxc7 Rd1+ 22. Bf1 Qa3 23. Rxd1 Rxd1 24. Kg2 h5 25. h4 Qb4 26. Qe3
Qe1 27. Kf3 Qxf1 28. Rxa7 Qh1+ 29. Kf4 Qd5 30. f3 Rd4+ 31. Qxd4 Qxd4+ 32. e4
Qxa7 33. g4 Qc7+ 34. Ke3 hxg4 35. fxg4 Bxg4 36. h5 Qg3+ 0-1

[Event "Titled Tuesday intern op 16th June"]
[Site "Chess.com INT"]
[Date "2020.06.16"]
[Round "2"]
[White "Kosteniuk, Alexandra"]
[Black "Itkin, David"]
[Result "1-0"]
[WhiteElo "2471"]
[BlackElo "2262"]
[PlyCount "117"]
[EventDate "2020.06.16"]
[EventType "swiss (blitz)"]
[EventRounds "10"]
[EventCountry "USA"]
[SourceTitle "EXT 2021"]
[Source "ChessBase"]
[SourceDate "2020.10.23"]
[SourceVersion "1"]
[SourceVersionDate "2020.10.23"]
[SourceQuality "1"]

1. e4 c6 2. c4 d5 3. cxd5 cxd5 4. exd5 Nf6 5. Nc3 Nxd5 6. Nf3 Nc6 7. Bb5 e6 8.
O-O Be7 9. d4 O-O 10. Re1 Bf6 11. Ne4 Nce7 12. Bd3 b6 13. Nxf6+ Nxf6 14. Bg5
Ned5 15. Ne5 Bb7 16. Rc1 Rc8 17. Qd2 Qd6 18. Bb1 Rxc1 19. Rxc1 Rc8 20. a3 Rxc1+
21. Qxc1 Qc7 22. Qxc7 Nxc7 23. Bxf6 gxf6 24. Nc4 Nb5 25. f3 Nxd4 26. Kf2 Bd5
27. Nd6 Kf8 28. Ke3 Nc6 29. Nb5 Ke7 30. Nc3 Bc4 31. Be4 Ne5 32. Bxh7 Bf1 33. g4
Ba6 34. b3 Bb7 35. Be4 Bxe4 36. Kxe4 Ng6 37. f4 Nh4 38. f5 Ng2 39. Nb5 a6 40.
Nd4 Kd6 41. Nf3 a5 42. h4 b5 43. h5 Ke7 44. h6 Kf8 45. fxe6 fxe6 46. Nd4 Kf7
47. Nxb5 Nh4 48. Nc7 Ng6 49. b4 axb4 50. axb4 Ke7 51. b5 Kd7 52. b6 Kc6 53.
Nxe6 Kxb6 54. Kf5 Ne5 55. h7 Nf7 56. Kxf6 Nh8 57. Kg7 Kc6 58. Kxh8 Kd6 59. Kg7
1-0

[Event "Titled Tuesday intern op 16th June"]
[Site "Chess.com INT"]
[Date "2020.06.16"]
[Round "3"]
[White "Kosteniuk, Alexandra"]
[Black "Safarli, Eltaj"]
[Result "0-1"]
[WhiteElo "2471"]
[BlackElo "2598"]
[PlyCount "66"]
[EventDate "2020.06.16"]
[EventType "swiss (blitz)"]
[EventRounds "10"]
[EventCountry "USA"]
[SourceTitle "EXT 2021"]
[Source "ChessBase"]
[SourceDate "2020.10.23"]
[SourceVersion "1"]
[SourceVersionDate "2020.10.23"]
[SourceQuality "1"]

1. e4 e5 2. Nf3 Nc6 3. Bb5 a6 4. Ba4 d6 5. c3 Bd7 6. d4 g6 7. O-O Bg7 8. Bg5 f6
9. Be3 Nh6 10. dxe5 dxe5 11. Bc5 Bf8 12. Be3 Ng4 13. Bd2 Bg7 14. Qc1 h5 15. Nh4
Ne7 16. Bb3 g5 17. Nf3 Ng6 18. Na3 Qe7 19. Nc4 O-O-O 20. a4 Nf4 21. Bxf4 gxf4
22. Nh4 Qc5 23. Qe1 Bh6 24. Kh1 Kb8 25. Nd2 Bc6 26. Qe2 Rxd2 27. Qxd2 f3 28.
Qc2 fxg2+ 29. Kxg2 Rd8 30. Rad1 Rxd1 31. Rxd1 Bxe4+ 32. Qxe4 Qxf2+ 33. Kh1
Qxh2# 0-1

[Event "Titled Tuesday intern op 16th June"]
[Site "Chess.com INT"]
[Date "2020.06.16"]
[Round "4"]
[White "Zufic, Miroslav"]
[Black "Kosteniuk, Alexandra"]
[Result "0-1"]
[WhiteElo "2366"]
[BlackElo "2471"]
[PlyCount "54"]
[EventDate "2020.06.16"]
[EventType "swiss (blitz)"]
[EventRounds "10"]
[EventCountry "USA"]
[SourceTitle "EXT 2021"]
[Source "ChessBase"]
[SourceDate "2020.10.23"]
[SourceVersion "1"]
[SourceVersionDate "2020.10.23"]
[SourceQuality "1"]

1. e4 c6 2. d4 d5 3. e5 c5 4. dxc5 e6 5. c3 Nc6 6. Nf3 Bxc5 7. b4 Bb6 8. Bd3
Nge7 9. b5 Na5 10. O-O Ng6 11. Ba3 Bd7 12. Re1 Rc8 13. Bb4 Bc5 14. Nbd2 O-O 15.
Rc1 Qb6 16. Bxc5 Rxc5 17. Ng5 Bxb5 18. Rb1 Qc6 19. Rxb5 Rxb5 20. Qh5 h6 21.
Nxf7 Rxf7 22. Qxg6 Rb2 23. Qh7+ Kf8 24. Nf3 Qc5 25. Nd4 Qxc3 26. Nxe6+ Ke7 27.
Rf1 Qxe5 0-1

[Event "Titled Tuesday intern op 16th June"]
[Site "Chess.com INT"]
[Date "2020.06.16"]
[Round "5"]
[White "Manukyan, Sargis A"]
[Black "Kosteniuk, Alexandra"]
[Result "0-1"]
[WhiteElo "2244"]
[BlackElo "2471"]
[PlyCount "110"]
[EventDate "2020.06.16"]
[EventType "swiss (blitz)"]
[EventRounds "10"]
[EventCountry "USA"]
[SourceTitle "EXT 2021"]
[Source "ChessBase"]
[SourceDate "2020.10.23"]
[SourceVersion "1"]
[SourceVersionDate "2020.10.23"]
[SourceQuality "1"]

1. d4 Nf6 2. c4 e6 3. Nc3 Bb4 4. a3 Bxc3+ 5. bxc3 c5 6. e3 O-O 7. Bd3 Nc6 8.
Ne2 b6 9. O-O Ba6 10. e4 Ne8 11. f4 Na5 12. f5 Bxc4 13. Bxc4 Nxc4 14. f6 g6 15.
Qd3 d5 16. e5 cxd4 17. cxd4 b5 18. Qh3 Qb6 19. Qh6 Nxe5 20. Rf4 Nd7 21. Qg5 e5
22. Rh4 Qxf6 23. Qg4 Qe6 24. Qg3 Ng7 25. Rh3 Nf5 26. Qg4 Nf6 27. Qg5 Ne4 28.
Qg4 h5 29. Rxh5 Nf6 30. Qg5 Nxh5 31. g4 exd4 32. Ra2 Ne3 33. gxh5 Qg4+ 34. Qxg4
Nxg4 35. hxg6 fxg6 36. Nxd4 Rac8 37. Bg5 a6 38. Rg2 Ne5 39. h4 Rc4 40. Ne6 Nf3+
41. Kh1 Rf5 42. Bh6 Kf7 43. Ng5+ Nxg5 44. Bxg5 d4 45. Re2 Rc7 46. Re4 Rd7 47.
Kg2 d3 48. Bd2 Rc5 49. Rf4+ Ke6 50. Kf3 Rc4 51. Rf8 Rf7+ 52. Rxf7 Kxf7 53. Ke3
Rxh4 54. Kxd3 Rh3+ 55. Kd4 Rxa3 0-1

[Event "Titled Tuesday intern op 16th June"]
[Site "Chess.com INT"]
[Date "2020.06.16"]
[Round "6"]
[White "Kosteniuk, Alexandra"]
[Black "Ivic, Velimir"]
[Result "1-0"]
[WhiteElo "2471"]
[BlackElo "2548"]
[PlyCount "91"]
[EventDate "2020.06.16"]
[EventType "swiss (blitz)"]
[EventRounds "10"]
[EventCountry "USA"]
[SourceTitle "EXT 2021"]
[Source "ChessBase"]
[SourceDate "2020.10.23"]
[SourceVersion "1"]
[SourceVersionDate "2020.10.23"]
[SourceQuality "1"]

1. e4 c5 2. c3 Nf6 3. e5 Nd5 4. d4 cxd4 5. Nf3 Nc6 6. cxd4 d6 7. Bc4 Nb6 8. Bb5
dxe5 9. Nxe5 Bd7 10. Nxd7 Qxd7 11. Qf3 e6 12. O-O a6 13. Bxc6 Qxc6 14. Qxc6+
bxc6 15. Nc3 a5 16. Ne4 Nd5 17. Bd2 Be7 18. Rfc1 Kd7 19. Rc4 a4 20. Rac1 Ra6
21. a3 Rb8 22. R1c2 Rb3 23. Bc1 h5 24. Kf1 f6 25. Nc5+ Bxc5 26. dxc5 g5 27. Rd4
e5 28. Re4 Ke6 29. Rcc4 Ra5 30. Rxa4 Rxc5 31. Rec4 Rxc4 32. Rxc4 Kd6 33. Ke2
Nb6 34. Rc2 c5 35. Be3 Na4 36. Bc1 g4 37. Rd2+ Ke6 38. Kd1 c4 39. Kc2 Rb8 40.
Rd1 Nc5 41. Be3 Nb3 42. Kc3 Na5 43. Bc5 Rb3+ 44. Kc2 Nb7 45. Bb4 e4 46. Rd4 1-0

[Event "Titled Tuesday intern op 16th June"]
[Site "Chess.com INT"]
[Date "2020.06.16"]
[Round "7"]
[White "Petrosyan, Manuel"]
[Black "Kosteniuk, Alexandra"]
[Result "0-1"]
[WhiteElo "2607"]
[BlackElo "2471"]
[PlyCount "68"]
[EventDate "2020.06.16"]
[EventType "swiss (blitz)"]
[EventRounds "10"]
[EventCountry "USA"]
[SourceTitle "EXT 2021"]
[Source "ChessBase"]
[SourceDate "2020.10.23"]
[SourceVersion "1"]
[SourceVersionDate "2020.10.23"]
[SourceQuality "1"]

1. c4 Nf6 2. Nc3 e5 3. Nf3 Nc6 4. e3 d5 5. cxd5 Nxd5 6. Bb5 Nxc3 7. bxc3 Bd6 8.
d4 e4 9. Nd2 Qg5 10. Bf1 Qg6 11. g3 h5 12. Bg2 Bf5 13. Qb3 O-O-O 14. Rb1 b6 15.
Qa4 Kb7 16. Bf1 Bd7 17. Bb5 h4 18. Nc4 hxg3 19. Bxc6+ Bxc6 20. Na5+ Kc8 21.
Nxc6 Rxh2 22. Rf1 g2 23. Qa6+ Kd7 24. Nxd8 gxf1=Q+ 25. Qxf1 Rg2 26. Kd2 Qg3 27.
Ke1 Qg4 28. Kd2 Qf3 29. Ke1 Rxf2 30. Qxf2 Bg3 31. Rb2 Qh1+ 32. Ke2 Bxf2 33.
Nxf7 Qxc1 34. Ne5+ Ke6 0-1

[Event "Titled Tuesday intern op 16th June"]
[Site "Chess.com INT"]
[Date "2020.06.16"]
[Round "8"]
[White "Kosteniuk, Alexandra"]
[Black "Le, Quang Liem"]
[Result "0-1"]
[WhiteElo "2471"]
[BlackElo "2709"]
[PlyCount "80"]
[EventDate "2020.06.16"]
[EventType "swiss (blitz)"]
[EventRounds "10"]
[EventCountry "USA"]
[SourceTitle "EXT 2021"]
[Source "ChessBase"]
[SourceDate "2020.10.23"]
[SourceVersion "1"]
[SourceVersionDate "2020.10.23"]
[SourceQuality "1"]

1. e4 e5 2. Nf3 Nc6 3. Bb5 a6 4. Ba4 Nf6 5. d4 exd4 6. O-O Be7 7. e5 Nd5 8.
Nxd4 Nb6 9. Nf5 Bf8 10. Bb3 d5 11. exd6 Bxf5 12. Re1+ Be6 13. Qg4 Qd7 14. dxc7
Nd5 15. Nc3 Nxc7 16. Bf4 Nd4 17. Rad1 O-O-O 18. Bxe6 Ncxe6 19. Be5 Bc5 20. Ne4
f5 21. Nxc5 fxg4 22. Nxd7 Rxd7 23. Kf1 Rhd8 24. c3 Nc6 25. Rxd7 Kxd7 26. Bg3
Nc5 27. Rd1+ Kc8 28. Rxd8+ Kxd8 29. Ke2 Kd7 30. Bf4 Ke6 31. Be3 Kd5 32. b3 b5
33. f3 gxf3+ 34. gxf3 Ne5 35. Bf4 g6 36. Bg3 Ne6 37. f4 Nf7 38. Kf3 Nd6 39. Kg4
Nf5 40. Bf2 Ke4 0-1

[Event "Titled Tuesday intern op 16th June"]
[Site "Chess.com INT"]
[Date "2020.06.16"]
[Round "9"]
[White "Ismagambetov, Anuar"]
[Black "Kosteniuk, Alexandra"]
[Result "1/2-1/2"]
[WhiteElo "2528"]
[BlackElo "2471"]
[PlyCount "128"]
[EventDate "2020.06.16"]
[EventType "swiss (blitz)"]
[EventRounds "10"]
[EventCountry "USA"]
[SourceTitle "EXT 2021"]
[Source "ChessBase"]
[SourceDate "2020.10.23"]
[SourceVersion "1"]
[SourceVersionDate "2020.10.23"]
[SourceQuality "1"]

1. e4 c6 2. d4 d5 3. Nd2 dxe4 4. Nxe4 Nf6 5. Nxf6+ exf6 6. c3 Bd6 7. Bd3 O-O 8.
Qf3 Re8+ 9. Ne2 Nd7 10. O-O Nf8 11. Bf4 Ng6 12. Bxd6 Qxd6 13. Rfe1 Be6 14. Ng3
Qf4 15. Qxf4 Nxf4 16. Bf1 f5 17. f3 Rad8 18. Kf2 g6 19. b3 Kg7 20. Rad1 Nd5 21.
Rc1 h5 22. Bc4 Nf4 23. Bf1 h4 24. Nh1 c5 25. Rcd1 Nd5 26. dxc5 Nxc3 27. Rxd8
Rxd8 28. Ke3 g5 29. g3 hxg3 30. hxg3 Nxa2 31. Nf2 Nb4 32. Rc1 Bxb3 33. Nd3 Nxd3
34. Bxd3 Kf6 35. f4 gxf4+ 36. gxf4 Bd5 37. Rg1 a5 38. Rg5 Be6 39. Rg1 a4 40.
Ra1 Bb3 41. Bb5 Ra8 42. Kd4 Ra5 43. Bd3 Be6 44. Ra3 Ke7 45. Be2 Kd7 46. Bf1 Kc7
47. Be2 Bb3 48. Bd3 Be6 49. Be2 f6 50. Bd3 Ra8 51. Kc3 Bb3 52. Bb5 b6 53. c6
Rh8 54. Ra1 Rh4 55. Rg1 Rg4 56. Rh1 Rg7 57. Rh6 Bd5 58. Rxf6 Rf7 59. Rxf7+ Bxf7
60. Bxa4 Bd5 61. Bc2 Be6 62. Ba4 Bd5 63. Bc2 Be6 64. Ba4 Bd5 1/2-1/2

[Event "Titled Tuesday intern op 16th June"]
[Site "Chess.com INT"]
[Date "2020.06.16"]
[Round "10"]
[White "Kosteniuk, Alexandra"]
[Black "Ter Sahakyan, Samvel"]
[Result "0-1"]
[WhiteElo "2471"]
[BlackElo "2640"]
[PlyCount "102"]
[EventDate "2020.06.16"]
[EventType "swiss (blitz)"]
[EventRounds "10"]
[EventCountry "USA"]
[SourceTitle "EXT 2021"]
[Source "ChessBase"]
[SourceDate "2020.10.23"]
[SourceVersion "1"]
[SourceVersionDate "2020.10.23"]
[SourceQuality "1"]

1. e4 c6 2. c4 d5 3. cxd5 cxd5 4. exd5 Nf6 5. Nc3 Nxd5 6. Nf3 e6 7. d4 Be7 8.
Bd3 O-O 9. O-O Nc6 10. a3 Bf6 11. Bc2 Nce7 12. Qd3 g6 13. Bh6 Bg7 14. Bg5 Nf6
15. Ne5 Bd7 16. Qf3 Bc6 17. Nxc6 Nxc6 18. Rad1 h6 19. Be3 Nd5 20. Nxd5 exd5 21.
b4 Qd7 22. Ba4 a5 23. b5 Ne7 24. Rc1 Rfc8 25. Rc5 b6 26. Rcc1 Rxc1 27. Rxc1 Rc8
28. Qd1 Rc4 29. Rb1 Nf5 30. Bb3 Rc3 31. Qd2 Rc8 32. Bd1 h5 33. h3 Re8 34. Bc2
Nxe3 35. fxe3 Bh6 36. Rb3 Qd6 37. Qf2 Rc8 38. g3 Qc7 39. Bd1 Qc1 40. Rd3 Re8
41. Kg2 Rxe3 42. Rxe3 Bxe3 43. Qe2 Bxd4 44. Qe8+ Kg7 45. Qe2 Qxa3 46. Qd2 Qe3
47. Qxe3 Bxe3 48. Bb3 d4 49. Kf3 f5 50. g4 fxg4+ 51. hxg4 h4 0-1

[Event "Speed Chess (Women) GP1"]
[Site "Chess.com INT"]
[Date "2020.06.24"]
[Round "1.1"]
[White "Kosteniuk, Alexandra"]
[Black "Mammadzada, Gunay Vuqar Qizi"]
[Result "1-0"]
[WhiteElo "2471"]
[BlackElo "2443"]
[PlyCount "67"]
[EventDate "2020.06.24"]
[EventType "k.o. (blitz)"]
[EventRounds "4"]
[EventCountry "USA"]
[SourceTitle "CBM 197 Extra"]
[Source "ChessBase"]
[SourceDate "2020.09.30"]
[SourceVersion "1"]
[SourceVersionDate "2020.09.30"]
[SourceQuality "1"]

1. e4 c5 2. Nf3 d6 3. d4 cxd4 4. Nxd4 Nf6 5. Nc3 a6 6. Bg5 Nbd7 7. Bc4 Qb6 8.
Bb3 e6 9. a4 Qa5 10. Qd2 Be7 11. f3 Nc5 12. Ba2 Qb6 13. Be3 O-O 14. O-O Re8 15.
a5 Qc7 16. b4 Ncd7 17. Na4 d5 18. c4 dxe4 19. c5 Nd5 20. fxe4 Nxe3 21. Qxe3 Bf6
22. Rad1 Be5 23. g3 Nf8 24. Nb6 Rb8 25. Nf3 Ng6 26. Nc4 Rf8 27. Nfxe5 Nxe5 28.
Qf4 f6 29. Nxe5 Qxe5 30. Qxe5 fxe5 31. Rxf8+ Kxf8 32. Rd8+ Ke7 33. Rg8 Kf7 34.
Rh8 1-0